Classement club foot par saison en ligue 1 - Statistiques

Statistiques générales
  • Ce quiz a été pris 275 fois
  • Le résultat moyen est 29 sur 50
Statistiques - réponses
# Saison Club % Correct
14 53 Paris Saint Germain
100%
1 76 Olympique de Marseille
98%
6 67 Olympique Lyonnais
96%
9 66 LOSC Lille
93%
4 69 Stade Rennais
92%
2 70 AS Saint Etienne
91%
3 69 Girondins de Bordeaux
90%
5 67 AS Monaco
88%
13 58 FC Nantes
88%
7 67 OGC Nice
88%
10 65 RC Strasbourg
88%
19 35 AJ Auxerre
85%
12 64 RC Lens
85%
18 36 Toulouse FC
84%
29 19 Toulouse FC (1937)
82%
28 20 Stade Brestois 29
81%
16 40 Stade de Reims
80%
15 43 Montpellier HSC
79%
11 65 FC Metz
74%
22 33 Angers SCO
71%
32 18 FC Lorient
70%
25 27 Le Havre AC
70%
20 34 SC Bastia
66%
37 14 AC Ajaccio
65%
8 66 FC Sochaux-Montbéliard
64%
24 30 AS Nancy-Lorraine
61%
35 15 FC Nancy
61%
31 18 SM Caen
61%
17 36 Nîmes Olympique
59%
49 6 Dijon FCO
58%
41 11 ESTAC Troyes
58%
43 8 Troyes AF
57%
34 16 Red Star FC
46%
26 23 CS Sedan Ardennes
44%
21 33 Valenciennes FC
44%
27 22 AS Cannes
42%
48 6 Le Mans
37%
40 12 SC Toulon
36%
30 19 FC Rouen
35%
39 13 EA Guingamp
34%
33 16 SC Sète
34%
38 13 Stade Lavallois
30%
42 10 CO Roubaix-Tourcoing
21%
23 30 Racing Club de France
20%
50 6 FC Mulhouse
15%
44 7 Olympique Lillois
13%
36 15 Stade Français
7%
47 7 FC Antibes
4%
46 7 SC Fives
3%
45 7 Excelior AC
0%
Aucun quiz correspondant
Distribution des résultats
% des personnes avec chaque résultat
Percentile par nombre de réponses
Votre historique - résultats
Vous n’avez pas pris ce quiz